000 00522nam a2200169Ia 4500
003 Ost
005 20260507075702.0
008 260507s9999||||xx |||||||||||||| ||und||
040 _cfsecg
041 _aara
100 _aسلطان، محمد سعيد انور
_eمؤلف
245 0 _aادارة البنوك /
_c محمد سعيد انور سلطان
260 _aالاسكندرية:
_bدار الجامعة الجديدة,
_c2005
300 _a520 صفحة؛
653 _aادارة بنوك
942 _cكتاب
999 _c45844
_d45844